Construction Technology : (Record no. 88043)
[ view plain ]
| 000 -LEADER | |
|---|---|
| fixed length control field | 00466nam a2200169Ia 4500 |
| 005 - DATE AND TIME OF LATEST TRANSACTION | |
| control field | 20140915125312.0 |
| 010 ## - LCCN (DPL NO) | |
| LC control number | BAC-EN21 |
| 020 ## - INTERNATIONAL STANDARD BOOK NUMBER | |
| International Standard Book Number | 9788126533220 |
| Terms of availability | 699.00 |
| 037 ## - SOURCE OF ACQUISITION | |
| Source of stock number/acquisition | Asian Book Centre/Ven |
| 100 ## - MAIN ENTRY--PERSONAL NAME | |
| Personal name | Bryan,Tony |
| 245 ## - TITLE STATEMENT | |
| Title | Construction Technology : |
| Remainder of title | analysis and choice / |
| Statement of responsibility, etc | by Tony Bryan |
| 250 ## - EDITION STATEMENT | |
| Edition statement | 2nd ed |
| 260 ## - PUBLICATION, DISTRIBUTION, ETC. (IMPRINT) | |
| Date of publication, distribution, etc | 2012 |
| Place of publication, distribution, etc | New Delhi |
| Name of publisher, distributor, etc | Wiley India |
| 300 ## - PHYSICAL DESCRIPTION | |
| Dimensions | 23cm(pbk) |
| Extent | 453p.: |
| Other physical details | ill. |
| 942 ## - ADDED ENTRY ELEMENTS (KOHA) | |
| Item type | English Books |
| Source of classification or shelving scheme | Dewey Decimal Classification |
No items available.
